00818nam a2200193 a 450000100100000000500170001000800410002704000250006808200150009310000370010824500980014526000330024330000210027650000700029704900090036795201130037695201180048999900170060700002549720200930023830.0110217s1994 dr 000 0 spa d aDO-SdBNPbspacBNPHU axxxbS685j1 aSoler Pala, Manueld1946-95214110aJesús. El corazón humano de Dios :biniciación a la cristología /cManuel Soler Pala. aSanto Domingo :bMSC,c1994. a136 P. ;c23 cm. aIncluye datos biográficos del autor en la solapa de la cubierta aBNPD 0010718PDaPDbPDcCTd2011-02-17iLF1l0oxxx S685jp25497-10r2020-06-25w2020-06-25yLFPDZNo se presta 0010718PDaPDbPDcCTd2011-02-17iLF1l0oxxx S685jp25497-20r2020-06-25te.2w2020-06-25yLFPDZNo se presta c24989d24989